Oh, Ms. Believer - Twenty One Pilots Lyrics - Statistics

General Stats
  • This quiz has been taken 28 times
  • The average score is 92 of 126
Answer Stats
Lyrics % Correct
Believer,
100%
Ms.
100%
my
100%
Verse 1 Oh,
100%
pretty
100%
sleeper
94%
snow
89%
Your
89%
Believer,
83%
I
83%
Ms.
83%
My
83%
my
83%
my
83%
Verse 2 Oh,
83%
pretty
83%
snow,
83%
snow
83%
snow,
83%
the
83%
the
83%
To
83%
Your
83%
your
83%
go
78%
go
78%
go
78%
go
78%
I
78%
mind
78%
on
78%
the
78%
the
78%
together,
78%
Together
78%
together
78%
Together,
78%
twisted
78%
we
78%
we
78%
we
78%
Chorus We
78%
we
78%
We
78%
we
78%
we
78%
we
78%
Chorus We
78%
we
78%
We
78%
will
78%
you
78%
you
78%
your
78%
your
78%
Your
78%
as
72%
as
72%
As
72%
as
72%
colder
72%
in
72%
is
72%
like
72%
on
72%
on
72%
shaking
72%
shoulders
72%
take
72%
that
72%
through
72%
through
72%
travel
72%
travel
72%
twisted
72%
weeper
72%
will
72%
will
72%
will
72%
colder
67%
colder
67%
get
67%
get
67%
grow
67%
grow
67%
hand,
67%
it's
67%
like
67%
of
67%
older
67%
older
67%
Please,
67%
prove
67%
rooftops
67%
winter
67%
and
61%
are
61%
are
61%
cater
61%
dead
61%
ears
61%
foreign
61%
head
61%
Inside
61%
land
61%
love
61%
much
61%
much
61%
muffs
61%
road
61%
so
61%
so
61%
tell
61%
than
61%
thoughts
61%
walk
61%
walk
61%
But
56%
fears
56%
feet
56%
nose
56%
running
56%
slower
56%
slower
56%
we're
56%
start
50%
No matching quizzes found
Score Distribution
Percent of People with Each Score
Percentile by Number Answered
Your Score History
You have not taken this quiz